书目信息 |
| 题名: |
主题目录及标题方法
|
|
| 作者: | 程长源 , 张有葳 编著 | |
| 分册: | ||
| 出版信息: | 北京 中国社会科学出版社 1986.02 |
|
| 页数: | 670页 | |
| 开本: | 20cm | |
| 丛书名: | ||
| 单 册: | ||
| 中图分类: | G254.21 | |
| 科图分类: | ||
| 主题词: | 图书馆学 , 图书馆事业 | |
| 电子资源: | ||
| ISBN: | ||
| 000 | 00661nam0 2200229 45 | |
| 001 | 0303140956 | |
| 005 | 20031219104106.9 | |
| 010 | @dCNY4.65 | |
| 091 | @a17190.056 | |
| 100 | @a20030314d1986 km y0chiy0120 ea | |
| 101 | 0 | @achi |
| 105 | @a z 000yy | |
| 200 | 1 | @a主题目录及标题方法@AZhu Ti Mu Lu Ji Biao Ti Fang Fa@f程长源,张有葳编著@FCheng Chang Yuan,Zhang You Wei Bian Zhu |
| 210 | @a北京@c中国社会科学出版社@d1986.02 | |
| 215 | @a670页@d20cm | |
| 606 | 0 | @a图书馆学 |
| 606 | 0 | @a图书馆事业 |
| 690 | @aG254.21@v3 | |
| 701 | 0 | @a程长源@4编著 |
| 701 | 0 | @a张有葳@4编著 |
| 801 | @aCN@bTSTC@c20030314 | |
| 905 | @f1@b165490@f1@b165493@dG254.21@e26 | |
| 主题目录及标题方法/程长源,张有葳编著.-北京:中国社会科学出版社,1986.02 |
| 670页;20cm |
| ISBN :CNY4.65 |
| ● |
| 相关链接 |
|
|
|
|
正题名:主题目录及标题方法
索取号:G254.21/26
 
预约/预借
| 序号 | 登录号 | 条形码 | 馆藏地/架位号 | 状态 | 备注 |
| 1 | 0165489 | 000502138 | 密集书库/ [索取号:G254.21/26] | 在馆 | |
| 2 | 0165490 | 001766850 | 密集书库/ [索取号:G254.21/26] | 在馆 | |
| 3 | 0165491 | 000502129 | 密集书库/ [索取号:G254.21/26] | 在馆 | |
| 4 | 0165492 | 000502110 | 第一样本阅览室/ [索取号:G254.21/26] | 在馆 | |
| 5 | 0165493 | 001766814 | 密集书库/ [索取号:G254.21/26] | 在馆 |